|
|
|
|
| LEADER |
00000nab a2200000 a 4500 |
| 001 |
vtls011105176 |
| 003 |
SK-MaSNL |
| 005 |
20260303161533.0 |
| 008 |
230222|1993 xo |||||||||||||||||slo| |
| 015 |
|
|
|a SNBRB
|
| 035 |
|
|
|a (uuid)05674915-d078-443c-9011-448c75b9cbf8
|
| 035 |
|
|
|a (urnnbn)urn:nbn:sk:snk:ar-a087t2
|
| 035 |
|
|
|a urn:nbn:sk:snk-ab9bgn
|
| 040 |
|
|
|a SNKBUCL
|b slo
|c SNKBUCL
|e AACR2
|
| 041 |
0 |
|
|a slo
|
| 044 |
|
|
|a xo
|c SK
|
| 100 |
1 |
|
|a Kelemen, Jozef,
|d 1951-
|4 aut
|9 222238
|
| 245 |
1 |
0 |
|a Na 3. programe sna
|c Jozef Kelemen
|
| 773 |
0 |
|
|t Profil súčasného výtvarného umenia
|g Roč. 3, č. 10 (1993), s. 19-23
|
| 954 |
|
|
|a odborná, vedecká literatúra pôvodná (slovenská)
|2 lita
|
| 958 |
|
|
|a OND
|
| 958 |
|
|
|a EUIPO
|
| 958 |
|
|
|a article13
|
| 999 |
|
|
|c 2049621
|d 2051551
|